[Event "Berlin-ch Seniors op 36th"]
[Site "Berlin"]
[Date "2020.02.06"]
[Round "9.1"]
[White "Schulz, Michael"]
[Black "Baranowsky, Peter"]
[Result "0-1"]
[WhiteElo "2142"]
[BlackElo "1909"]
[PlyCount "84"]
[EventDate "2020.01.28"]
[EventType "swiss"]
[EventRounds "9"]
[EventCountry "GER"]
[SourceTitle "EXT 2024"]
[Source "ChessBase"]
[SourceDate "2023.10.10"]
[SourceVersion "1"]
[SourceVersionDate "2023.10.10"]
[SourceQuality "1"]

1. d4 d5 2. Bf4 Bf5 3. e3 e6 4. g4 Bg6 5. h4 h5 6. g5 Bd6 7. Nh3 Ne7 8. Nd2 Bf5 9. Bxd6 Qxd6 10. Nf4 g6 11. Nb3 Nd7 12. Bb5 Qb4+ 13. c3 Qxb5 14. f3 a5 15. a4 Qc6 16. 0-0 b6 17. Rf2 Qd6 18. c4 0-0 19. Rc1 c6 20. c5 Qc7 21. Kg2 Rfb8 22. Rc3 bxc5 23. Nxc5 Nxc5 24. Rxc5 Rb4 25. b3 Qb6 26. Rc3 Rb8 27. Qd2 Kg7 28. Re2 Rb7 29. Qe1 Rc7 30. Rf2 Rb7 31. e4 dxe4 32. fxe4 Bg4 33. d5 cxd5 34. exd5 Qd4 35. Rd3 Qe4+ 36. Qxe4 Rxe4 37. d6 Nd5 38. Nxd5 exd5 39. Rxd5 Rd7 40. Rxa5 Rb4 41. Rd2 Rxb3 42. Ra8 Bf3+ 0-1

[Event "Berlin Lichtenberger op 18th"]
[Site "Berlin"]
[Date "2019.08.23"]
[Round "7"]
[White "Baranowsky, Peter"]
[Black "Hahlbohm, Matthias"]
[Result "1/2-1/2"]
[WhiteElo "1889"]
[BlackElo "2041"]
[PlyCount "23"]
[EventDate "2019.08.17"]
[EventType "swiss"]
[EventRounds "9"]
[EventCountry "GER"]
[SourceTitle "EXT 2020"]
[Source "ChessBase"]
[SourceDate "2019.10.17"]
[SourceVersion "1"]
[SourceVersionDate "2019.10.17"]
[SourceQuality "1"]

1. c4 e6 2. d4 d5 3. Nf3 f5 4. Nc3 c6 5. e3 Nf6 6. Qc2 Bd6 7. a3 a5 8. b3 0-0 9. Bb2 g6 10. Ne5 Nbd7 11. f4 Ne4 12. Nxe4 1/2-1/2

[Event "Berlin Lichtenberger op 18th"]
[Site "Berlin"]
[Date "2019.08.21"]
[Round "5"]
[White "Baranowsky, Peter"]
[Black "Hesselbarth, Karlheinz"]
[Result "1-0"]
[WhiteElo "1889"]
[BlackElo "1692"]
[PlyCount "29"]
[EventDate "2019.08.17"]
[EventType "swiss"]
[EventRounds "9"]
[EventCountry "GER"]
[SourceTitle "EXT 2020"]
[Source "ChessBase"]
[SourceDate "2019.10.17"]
[SourceVersion "1"]
[SourceVersionDate "2019.10.17"]
[SourceQuality "1"]

1. e4 c5 2. Nc3 Nc6 3. Bb5 g6 4. Bxc6 dxc6 5. f4 Bg7 6. h3 Nf6 7. Nf3 0-0 8. 0-0 Qc7 9. d3 b6 10. Qe1 e6 11. Qh4 Ba6 12. f5 exf5 13. Bh6 Ne8 14. Ng5 Bxh6 15. Qxh6 1-0

[Event "Berlin Lichtenberger op 18th"]
[Site "Berlin"]
[Date "2019.08.19"]
[Round "3"]
[White "Baranowsky, Peter"]
[Black "Caglar, Ertan"]
[Result "1-0"]
[WhiteElo "1889"]
[BlackElo "1724"]
[PlyCount "73"]
[EventDate "2019.08.17"]
[EventType "swiss"]
[EventRounds "9"]
[EventCountry "GER"]
[SourceTitle "EXT 2020"]
[Source "ChessBase"]
[SourceDate "2019.10.17"]
[SourceVersion "1"]
[SourceVersionDate "2019.10.17"]
[SourceQuality "1"]

1. e4 e5 2. Nf3 Nc6 3. d4 exd4 4. Bc4 Bc5 5. c3 d3 6. b4 Be7 7. Qb3 d6 8. Bxf7+ Kf8 9. Be3 Bg4 10. Nbd2 Bxf3 11. Nxf3 Ne5 12. Nxe5 dxe5 13. Bh5 g6 14. Bf3 d2+ 15. Bxd2 a5 16. Rd1 Bd6 17. 0-0 axb4 18. cxb4 Kg7 19. Bc3 Qe7 20. Qb2 Nf6 21. g3 Nd7 22. Rd3 Nb6 23. Bd1 Nc4 24. Qa1 Rhe8 25. Bb3 b5 26. f4 Bxb4 27. Bxb4 Qxb4 28. Rd7+ Kh8 29. Bxc4 Qc5+ 30. Rf2 bxc4 31. fxe5 c3 32. Kg2 Rf8 33. Rdf7 Rxf7 34. Rxf7 Qxe5 35. Qb1 Rd8 36. Rf2 Rd2 37. Qb8+ 1-0

[Event "Berlin-ch QT"]
[Site "Berlin"]
[Date "2019.04.28"]
[Round "9"]
[White "Friedrich, Robert"]
[Black "Baranowsky, Peter"]
[Result "1-0"]
[WhiteElo "1689"]
[BlackElo "1914"]
[PlyCount "79"]
[EventDate "2019.04.20"]
[EventType "swiss"]
[EventRounds "9"]
[EventCountry "GER"]
[SourceTitle "EXT 2020"]
[Source "ChessBase"]
[SourceDate "2019.10.17"]
[SourceVersion "1"]
[SourceVersionDate "2019.10.17"]
[SourceQuality "1"]

1. e4 g6 2. d4 Bg7 3. Nf3 d6 4. c3 Nf6 5. Bd3 0-0 6. 0-0 Nbd7 7. Re1 e5 8. dxe5 dxe5 9. Bc2 Re8 10. Nbd2 b6 11. Nf1 Bb7 12. Ng3 h6 13. h3 Qe7 14. Be3 a5 15. Qe2 Nc5 16. Bxc5 Qxc5 17. Rad1 a4 18. a3 Bf8 19. Rd2 Kg7 20. Red1 Bc6 21. Ne1 Bb5 22. Bd3 Bd7 23. Bc4 b5 24. Ba2 Be6 25. Nd3 Qb6 26. Bxe6 Rxe6 27. Nb4 c6 28. Rd3 Ree8 29. R1d2 h5 30. Kh1 Bc5 31. f3 h4 32. Nf1 Nh5 33. Rd7 g5 34. Nd3 Bg1 35. f4 Kg6 36. Nxe5+ Rxe5 37. fxe5 Nf4 38. R2d6+ Ne6 39. Qg4 Qf2 40. Rxe6+ 1-0

[Event "Berlin-ch QT"]
[Site "Berlin"]
[Date "2019.04.21"]
[Round "2"]
[White "Stoeckel, Johannes"]
[Black "Baranowsky, Peter"]
[Result "0-1"]
[WhiteElo "1748"]
[BlackElo "1914"]
[PlyCount "68"]
[EventDate "2019.04.20"]
[EventType "swiss"]
[EventRounds "9"]
[EventCountry "GER"]
[SourceTitle "EXT 2020"]
[Source "ChessBase"]
[SourceDate "2019.10.17"]
[SourceVersion "1"]
[SourceVersionDate "2019.10.17"]
[SourceQuality "1"]

1. Nf3 Nf6 2. c4 g6 3. Nc3 Bg7 4. g3 0-0 5. Bg2 d6 6. d4 a6 7. 0-0 Nbd7 8. e4 c5 9. dxc5 Nxc5 10. Qe2 e5 11. Bg5 Bg4 12. h3 Bxf3 13. Qxf3 Ne6 14. Be3 Rc8 15. Nd5 Nxd5 16. cxd5 Nd4 17. Bxd4 exd4 18. Qd3 Qb6 19. b3 Rc3 20. Qd2 Rfc8 21. Rac1 h5 22. g4 hxg4 23. hxg4 Qc5 24. Rxc3 dxc3 25. Qc2 Qd4 26. Bf3 Be5 27. Rd1 Qc5 28. Kg2 Kg7 29. Be2 Rh8 30. Rh1 Rxh1 31. Kxh1 Qxf2 32. Bd3 Qf3+ 33. Kg1 Qxg4+ 34. Kf1 Bd4 0-1

[Event "Berlin-ch Seniors op 35th"]
[Site "Berlin"]
[Date "2019.02.06"]
[Round "8"]
[White "Baranowsky, Peter"]
[Black "Kapr, Klaus"]
[Result "0-1"]
[WhiteElo "1897"]
[BlackElo "1991"]
[PlyCount "126"]
[EventDate "2019.01.29"]
[EventType "swiss"]
[EventRounds "9"]
[EventCountry "GER"]
[SourceTitle "CBM 189 Extra"]
[Source "ChessBase"]
[SourceDate "2019.05.31"]
[SourceVersion "1"]
[SourceVersionDate "2019.05.31"]
[SourceQuality "1"]

1. e4 d5 2. exd5 Qxd5 3. Nc3 Qa5 4. d4 Nf6 5. Nf3 Bg4 6. h3 Bxf3 7. Qxf3 c6 8. Bc4 e6 9. 0-0 Nbd7 10. Re1 Be7 11. Bf4 0-0 12. a3 Qb6 13. Qd3 Qd8 14. Bb3 a5 15. Rad1 Re8 16. Ne2 a4 17. Ba2 Nd5 18. Bh2 N7f6 19. c4 Nb6 20. Nc3 Ra5 21. Qc2 Qa8 22. Bc7 Bd8 23. Bd6 Nc8 24. Bb4 Rg5 25. Nxa4 b5 26. Nc5 Nd6 27. b3 Qc8 28. Qd3 Bc7 29. Qe3 h6 30. Qf3 Bb8 31. Re5 Nf5 32. Ree1 Nh4 33. Qd3 Nxg2 34. Qb1 Nxe1+ 35. Kf1 Nf3 36. Ke2 e5 37. Ne4 Nxd4+ 38. Kd2 Nxe4+ 39. Qxe4 Qxh3 40. Kc1 bxc4 41. Rxd4 cxb3 42. Bb1 f5 43. Qxc6 Qh5 44. Rd7 Rg6 45. Qd5+ Kh7 46. Qxb3 Rc6+ 47. Kb2 e4 48. Bc3 Be5 49. Bxe5 Rxe5 50. Rd8 Qe2+ 51. Ka1 Qc4 52. Qb8 Rb5 53. Rh8+ Kg6 54. Qg3+ Kf6 55. Rf8+ Ke7 56. Qxg7+ Kd6 57. Rd8+ Kc5 58. Qe7+ Kb6 59. Rb8+ Ka5 60. Qd8+ Rbb6 61. Ra8+ Kb5 62. a4+ Kb4 63. Ba2 Qc3+ 0-1

[Event "GER-chT Betriebe 18th"]
[Site "Altenberg Zinnwald"]
[Date "2018.11.10"]
[Round "5.3"]
[White "Baranowsky, Peter"]
[Black "Piepenburg, Rolf"]
[Result "0-1"]
[WhiteElo "1867"]
[BlackElo "1984"]
[PlyCount "104"]
[EventDate "2018.11.08"]
[EventType "team-swiss"]
[EventRounds "7"]
[EventCountry "GER"]
[SourceTitle "EXT 2020"]
[Source "ChessBase"]
[SourceDate "2019.10.17"]
[SourceVersion "1"]
[SourceVersionDate "2019.10.17"]
[SourceQuality "1"]
[WhiteTeam "Berlin Tempelhof"]
[BlackTeam "Frankfurt Commerzbank"]
[WhiteTeamCountry "GER"]
[BlackTeamCountry "GER"]

1. d4 Nf6 2. g3 d5 3. Nf3 e6 4. Bg2 Be7 5. c4 0-0 6. 0-0 c6 7. Nc3 Nbd7 8. Qc2 dxc4 9. e4 b5 10. Rd1 Bb7 11. d5 exd5 12. exd5 Nxd5 13. Nxd5 cxd5 14. Nd4 Qb6 15. Nf5 Bc5 16. Bxd5 Bxd5 17. Rxd5 Nf6 18. Rxc5 Qxc5 19. Be3 Qe5 20. Bf4 Qe4 21. Rc1 Rfd8 22. b3 Qxc2 23. Rxc2 cxb3 24. axb3 Rd7 25. Rc7 Rxc7 26. Bxc7 a5 27. Nd6 a4 28. Nxb5 axb3 29. Be5 b2 30. Bxb2 Rb8 31. Bxf6 Rxb5 32. Bd4 f6 33. h4 h5 34. Kg2 Kf7 35. Kf3 Ke6 36. Be3 Kf5 37. Bd4 Rb3+ 38. Be3 g5 39. g4+ hxg4+ 40. Kg3 gxh4+ 41. Kxh4 Rb8 42. Bd4 Rh8+ 43. Kg3 Rh3+ 44. Kg2 Rf3 45. Bb6 Ke4 46. Bc7 f5 47. Bg3 Rb3 48. Bc7 f4 49. Bd6 Rb2 50. Bc5 g3 51. Ba7 gxf2 52. Bxf2 Rc2 0-1

[Event "Berlin Lichtenberger op 17th"]
[Site "Berlin"]
[Date "2018.08.19"]
[Round "2"]
[White "Boettcher, Patrick"]
[Black "Baranowsky, Peter"]
[Result "0-1"]
[WhiteElo "2100"]
[BlackElo "1848"]
[PlyCount "44"]
[EventDate "2018.08.18"]
[EventType "swiss"]
[EventRounds "9"]
[EventCountry "GER"]
[SourceTitle "CBM 186 Extra"]
[Source "ChessBase"]
[SourceDate "2018.08.24"]
[SourceVersion "1"]
[SourceVersionDate "2018.08.24"]
[SourceQuality "1"]

1. d4 d5 2. c4 e6 3. Nf3 c6 4. e3 Nf6 5. Nc3 Nbd7 6. b3 Bd6 7. Bb2 b6 8. Bd3 Bb7 9. 0-0 Rc8 10. Qe2 0-0 11. Rac1 Re8 12. e4 e5 13. dxe5 Nxe5 14. cxd5 cxd5 15. Nxd5 Nxd5 16. Rxc8 Qxc8 17. exd5 Nc4 18. Qc2 Nxb2 19. Qxb2 Bxd5 20. Be2 Qe6 21. Bb5 Bxf3 22. gxf3 Qh3 0-1

[Event "Berlin-ch Seniors op 34th"]
[Site "Berlin"]
[Date "2018.02.06"]
[Round "7"]
[White "Badestein, Hartmut"]
[Black "Baranowsky, Peter"]
[Result "1-0"]
[WhiteElo "1993"]
[BlackElo "1863"]
[PlyCount "47"]
[EventDate "2018.01.30"]
[EventType "swiss"]
[EventRounds "9"]
[EventCountry "GER"]
[SourceTitle "EXT 2020"]
[Source "ChessBase"]
[SourceDate "2019.10.17"]
[SourceVersion "1"]
[SourceVersionDate "2019.10.17"]
[SourceQuality "1"]

1. e4 d6 2. d4 Nf6 3. Nc3 g6 4. Be2 Bg7 5. h4 h5 6. Bf4 c6 7. a4 a5 8. Nf3 Na6 9. Ng5 Qb6 10. Qd2 Nb4 11. 0-0 Ng4 12. Rad1 0-0 13. Bc4 e5 14. dxe5 dxe5 15. Qd6 Be6 16. Bxe6 exf4 17. Bxg4 hxg4 18. Qxf4 Rad8 19. Qxg4 Rxd1 20. Rxd1 Bd4 21. Rd2 Be5 22. h5 Rd8 23. Rxd8+ Qxd8 24. hxg6 1-0

[Event "GER-chT Betriebe 17th"]
[Site "Berlin"]
[Date "2017.11.03"]
[Round "4.4"]
[White "Kazemi Sresht, Rahim"]
[Black "Baranowsky, Peter"]
[Result "0-1"]
[WhiteElo "1534"]
[BlackElo "1878"]
[PlyCount "94"]
[EventDate "2017.11.02"]
[EventType "team-swiss"]
[EventRounds "7"]
[EventCountry "GER"]
[SourceTitle "EXT 2020"]
[Source "ChessBase"]
[SourceDate "2019.10.17"]
[SourceVersion "1"]
[SourceVersionDate "2019.10.17"]
[SourceQuality "1"]
[WhiteTeam "Hamburg Rapid Unilever"]
[BlackTeam "Berlin Tempelhof II"]
[WhiteTeamCountry "GER"]
[BlackTeamCountry "GER"]

1. e4 d6 2. d4 Nf6 3. Nc3 g6 4. Nf3 Bg7 5. Be2 c6 6. 0-0 0-0 7. Bg5 Qc7 8. Qd2 e5 9. d5 Nbd7 10. Rfd1 c5 11. h3 a6 12. Bh6 b5 13. Bxg7 Kxg7 14. Qe3 Nb6 15. b3 Nh5 16. Nxe5 f5 17. Qg5 fxe4 18. Ng4 Bxg4 19. Bxg4 h6 20. Qh4 Nf6 21. Be6 g5 22. Qg3 b4 23. Ne2 Nh5 24. Qe3 Nf6 25. Ng3 Rae8 26. h4 Rxe6 27. hxg5 Ng4 28. gxh6+ Rxh6 29. Nxe4 Qe7 30. Qg5+ Qxg5 31. Nxg5 Rxf2 32. Ne6+ Kg8 33. Rf1 Rhf6 34. Rxf2 Rxf2 35. Nc7 Rd2 36. g3 Nxd5 37. Nxd5 Rxd5 38. Kg2 Ne3+ 39. Kf3 Nxc2 40. Rf1 Rf5+ 41. Ke2 Rxf1 42. Kxf1 d5 43. Ke2 c4 44. Kd2 Nd4 45. bxc4 dxc4 46. g4 a5 47. Kc1 c3 0-1

[Event "Berlin-ch QT"]
[Site "Berlin"]
[Date "2017.04.16"]
[Round "8"]
[White "Baranowsky, Peter"]
[Black "Gelman, Josef"]
[Result "0-1"]
[WhiteElo "1905"]
[BlackElo "1925"]
[PlyCount "120"]
[EventDate "2017.04.09"]
[EventType "swiss"]
[EventRounds "9"]
[EventCountry "GER"]
[SourceTitle "CBM 189 Extra"]
[Source "ChessBase"]
[SourceDate "2019.05.31"]
[SourceVersion "1"]
[SourceVersionDate "2019.05.31"]
[SourceQuality "1"]

1. d4 d5 2. c4 c6 3. cxd5 cxd5 4. Nc3 Nf6 5. f3 Nc6 6. e4 e6 7. e5 Nd7 8. f4 a6 9. Nf3 Be7 10. Bd3 g6 11. Be3 b5 12. Rc1 Bb7 13. h4 h5 14. Ng5 Bxg5 15. hxg5 Qe7 16. a3 Nb6 17. g4 h4 18. Rh3 Na5 19. Bf2 Nbc4 20. Qe2 Rc8 21. Na2 Kf8 22. b4 Nc6 23. Bxc4 bxc4 24. Qe3 Na7 25. Rxh4 Kg7 26. Kd2 Rxh4 27. Bxh4 Rh8 28. Rh1 Nb5 29. Rh3 c3+ 30. Nxc3 Nxa3 31. Ke2 Qxb4 32. Bf2 Nc2 33. Qg3 Rxh3 34. Qxh3 Nxd4+ 35. Kf1 Qc4+ 36. Kg2 Ne2 37. Nxe2 Qxe2 38. Qf3 Qb2 39. Kg3 d4 40. Bxd4 Qxd4 41. Qxb7 Qe3+ 42. Qf3 Qxf3+ 43. Kxf3 Kf8 44. Ke4 Ke7 45. Kd4 Kd7 46. Kc5 Kc7 47. f5 Kd7 48. fxg6 fxg6 49. Kb6 a5 50. Kxa5 Kc6 51. Ka6 Kd5 52. Kb6 Kxe5 53. Kc6 Kf4 54. Kd6 e5 55. Ke6 e4 56. Kf6 e3 57. Kxg6 e2 58. Kh6 e1Q 59. g6 Qh4+ 60. Kg7 Kg5 0-1

[Event "Berlin-ch Seniors op 33rd"]
[Site "Berlin"]
[Date "2017.02.07"]
[Round "7"]
[White "Engelhardt, Erhard"]
[Black "Baranowsky, Peter"]
[Result "0-1"]
[WhiteElo "1760"]
[BlackElo "1906"]
[PlyCount "78"]
[EventDate "2017.01.31"]
[EventType "swiss"]
[EventRounds "9"]
[EventCountry "GER"]
[SourceTitle "EXT 2019"]
[Source "ChessBase"]
[SourceDate "2018.10.10"]
[SourceVersion "1"]
[SourceVersionDate "2018.10.10"]
[SourceQuality "1"]

1. f4 g6 2. Nf3 c5 3. e3 b6 4. d4 e6 5. Bd3 Bb7 6. c3 d5 7. 0-0 Bg7 8. Qe2 Nf6 9. Nbd2 0-0 10. b3 Nbd7 11. a4 Ne4 12. Bb2 a5 13. Ne5 Rc8 14. c4 Nxe5 15. fxe5 Nxd2 16. Qxd2 dxc4 17. bxc4 Qg5 18. Qe2 Rcd8 19. Rf2 Bh6 20. Rc1 Qe7 21. Ba3 Qd7 22. Bb2 Bg7 23. Bc2 Bc6 24. Rff1 Bh6 25. Rfd1 Qe7 26. Bc3 Qg5 27. Re1 Qxe3+ 28. Qxe3 Bxe3+ 29. Rxe3 cxd4 30. Bxd4 Rxd4 31. Bd3 Rfd8 32. Bf1 Rd1 33. Rxd1 Rxd1 34. Rb3 Bxa4 35. Rxb6 Re1 36. c5 Rxe5 37. c6 Rc5 38. Bb5 Bxb5 39. c7 Bd7 0-1

[Event "Berlin-ch Seniors op 33rd"]
[Site "Berlin"]
[Date "2017.02.06"]
[Round "6"]
[White "Mueller, Johannes1"]
[Black "Baranowsky, Peter"]
[Result "1-0"]
[WhiteElo "1814"]
[BlackElo "1906"]
[PlyCount "65"]
[EventDate "2017.01.31"]
[EventType "swiss"]
[EventRounds "9"]
[EventCountry "GER"]
[SourceTitle "EXT 2019"]
[Source "ChessBase"]
[SourceDate "2018.10.10"]
[SourceVersion "1"]
[SourceVersionDate "2018.10.10"]
[SourceQuality "1"]

1. e4 c6 2. d4 d5 3. e5 c5 4. c3 Nc6 5. Bd3 cxd4 6. cxd4 Nxd4 7. Bxh7 Nc6 8. Bxg8 Rxg8 9. f4 Be6 10. Nf3 Qa5+ 11. Nc3 d4 12. Nxd4 0-0-0 13. Be3 Nxd4 14. Bxd4 Qb4 15. Rc1 Rxd4 16. Qxd4 Qxd4 17. Nb5+ Kb8 18. Nxd4 Bxa2 19. 0-0 Bd5 20. Rfd1 e6 21. f5 Bb4 22. g4 Rh8 23. Rd3 a5 24. h3 Ka7 25. Kh2 Ka6 26. Rc7 Rf8 27. h4 Kb6 28. Rc1 a4 29. Kg3 Bc5 30. Kf4 Rh8 31. h5 Rh6 32. Ra1 Bc4 33. Rdd1 1-0

[Event "GER-chT Betriebe 16th"]
[Site "Dresden"]
[Date "2016.11.05"]
[Round "4.4"]
[White "Lunnebach, Oliver"]
[Black "Baranowsky, Peter"]
[Result "1-0"]
[WhiteElo "2109"]
[BlackElo "2009"]
[PlyCount "117"]
[EventDate "2016.11.03"]
[EventType "team-swiss"]
[EventRounds "7"]
[EventCountry "GER"]
[SourceTitle "EXT 2020"]
[Source "ChessBase"]
[SourceDate "2019.10.17"]
[SourceVersion "1"]
[SourceVersionDate "2019.10.17"]
[SourceQuality "1"]
[WhiteTeam "Bonn Deutsche Post"]
[BlackTeam "Berlin Tempelhof"]
[WhiteTeamCountry "GER"]
[BlackTeamCountry "GER"]

1. d4 d5 2. c4 e6 3. Nf3 c6 4. Qc2 Bd6 5. g3 Nf6 6. Bg2 Ne4 7. 0-0 0-0 8. Ne1 f5 9. Nd3 Nd7 10. Bf4 Qe7 11. f3 Bxf4 12. Nxf4 Nef6 13. Nd3 e5 14. dxe5 Nxe5 15. Nxe5 Qxe5 16. Na3 f4 17. gxf4 Qxf4 18. Qc1 Qh4 19. e3 Bh3 20. Bxh3 Qxh3 21. Qd2 Rad8 22. c5 Rfe8 23. Nc2 Re5 24. Rae1 Rg5+ 25. Kh1 Nh5 26. Rg1 Ng3+ 27. Rxg3 Rxg3 28. Nd4 Rf8 29. Qf2 Rg6 30. b4 a6 31. a4 Rg4 32. Rf1 Rf6 33. Qe2 Rh4 34. Rf2 Rg6 35. b5 axb5 36. axb5 Qg3 37. Rf1 Rgh6 38. Rf2 Rg6 39. Rf1 Rgh6 40. Rf2 Rg6 41. Rf1 Qe5 42. Qd2 Rgh6 43. Rf2 cxb5 44. Rg2 b4 45. Nb3 Re6 46. e4 Rh5 47. Qxb4 dxe4 48. Nd4 Reh6 49. Qd2 e3 50. Qa2+ Qd5 51. Qa8+ Kf7 52. c6 Rxh2+ 53. Rxh2 Rxh2+ 54. Kxh2 Qh5+ 55. Kg2 Qg5+ 56. Kf1 Qf4 57. Qxb7+ Kg6 58. Qb1+ Kh6 59. Qe4 1-0

[Event "Berlin Lichtenrade op 12th"]
[Site "Berlin"]
[Date "2016.10.28"]
[Round "7"]
[White "Pesola, Jyrki"]
[Black "Baranowsky, Peter"]
[Result "1-0"]
[WhiteElo "1934"]
[BlackElo "1929"]
[PlyCount "65"]
[EventDate "2016.10.22"]
[EventType "swiss"]
[EventRounds "9"]
[EventCountry "GER"]
[SourceTitle "EXT 2018"]
[Source "ChessBase"]
[SourceDate "2017.10.13"]
[SourceVersion "1"]
[SourceVersionDate "2017.10.13"]
[SourceQuality "1"]

1. e4 c5 2. Nf3 d6 3. d4 cxd4 4. Nxd4 Nf6 5. Nc3 a6 6. Bg5 e6 7. f4 Nbd7 8. Qf3 Be7 9. 0-0-0 Qc7 10. g4 b5 11. Bxf6 gxf6 12. Bd3 Bb7 13. f5 b4 14. fxe6 Ne5 15. exf7+ Kxf7 16. Qf5 bxc3 17. Qh5+ Ng6 18. Rhf1 cxb2+ 19. Kb1 Qc5 20. Nf5 Ke8 21. e5 Bd5 22. c4 Bf7 23. exd6 Ne5 24. Ng7+ Kf8 25. Qh6 Kg8 26. dxe7 Qxe7 27. Nf5 Qf8 28. Qxf6 Re8 29. Nh6+ Qxh6 30. Qxh6 Nxd3 31. Rxf7 Kxf7 32. Rf1+ Ke7 33. Qe3+ 1-0

[Event "Berlin Lichtenberger op 15th"]
[Site "Berlin"]
[Date "2016.08.21"]
[Round "9"]
[White "Baranowsky, Peter"]
[Black "Guenther, Thomas"]
[Result "1/2-1/2"]
[WhiteElo "1923"]
[BlackElo "2044"]
[PlyCount "142"]
[EventDate "2016.08.13"]
[EventType "swiss"]
[EventRounds "9"]
[EventCountry "GER"]
[SourceTitle "CBM 173 Extra"]
[Source "ChessBase"]
[SourceDate "2016.08.29"]
[SourceVersion "1"]
[SourceVersionDate "2016.08.29"]
[SourceQuality "1"]

1. e4 c5 2. Nf3 Nc6 3. d4 cxd4 4. Nxd4 Qb6 5. Nb3 Nf6 6. Nc3 e6 7. Qe2 Qc7 8. Bg5 Be7 9. g4 a6 10. f4 h6 11. Bxf6 Bxf6 12. Qf2 g5 13. f5 Bxc3+ 14. bxc3 Qe5 15. 0-0-0 Qxe4 16. fxe6 dxe6 17. Bg2 Qf4+ 18. Qxf4 gxf4 19. Bxc6+ bxc6 20. Rd6 e5 21. Re1 Ke7 22. Rxc6 f6 23. Rc7+ Kd6 24. Rg7 Be6 25. Rd1+ Kc6 26. Na5+ Kb5 27. Re7 Rhe8 28. Rxe8 Rxe8 29. Nb7 Kc6 30. Na5+ Kc7 31. h3 e4 32. Rd4 Bg8 33. a3 f3 34. Kd1 Kb6 35. Nb3 Re6 36. Nd2 Bh7 37. Ke1 f5 38. gxf5 Bxf5 39. h4 Rg6 40. Nc4+ Kc5 41. Ne3 Be6 42. Rxe4 Bd7 43. Kf2 Bc6 44. Re5+ Kd6 45. Ra5 Bb7 46. Rh5 Ke6 47. c4 Kf7 48. Nd5 Rg2+ 49. Kxf3 Rxc2 50. Rxh6 Bxd5+ 51. cxd5 Rc3+ 52. Ke4 Rxa3 53. Ke5 Re3+ 54. Kd4 Rh3 55. Ke5 a5 56. Ra6 Rxh4 57. Rxa5 Ke7 58. Ra7+ Kd8 59. Kd6 Rh6+ 60. Kc5 Rh1 61. Rg7 Rh6 62. Rg8+ Kd7 63. Rg7+ Kd8 64. Ra7 Rg6 65. Rb7 Rh6 66. Rb4 Kd7 67. Re4 Rg6 68. Rf4 Rh6 69. Rf5 Rg6 70. Rf7+ Kd8 71. d6 Rg1 1/2-1/2

[Event "Berlin Lichtenberger op 15th"]
[Site "Berlin"]
[Date "2016.08.19"]
[Round "7"]
[White "Baranowsky, Peter"]
[Black "Reck, Jessica"]
[Result "1/2-1/2"]
[WhiteElo "1923"]
[BlackElo "1653"]
[PlyCount "42"]
[EventDate "2016.08.13"]
[EventType "swiss"]
[EventRounds "9"]
[EventCountry "GER"]
[SourceTitle "CBM 173 Extra"]
[Source "ChessBase"]
[SourceDate "2016.08.29"]
[SourceVersion "1"]
[SourceVersionDate "2016.08.29"]
[SourceQuality "1"]

1. e4 g6 2. d4 c6 3. Nc3 d5 4. e5 Bg7 5. Bf4 e6 6. Nf3 Ne7 7. Bd3 Nd7 8. Qe2 a6 9. a4 Qb6 10. a5 Qc7 11. 0-0 c5 12. dxc5 Nxc5 13. Rfc1 0-0 14. Qd2 Nc6 15. Re1 Nd7 16. Qe3 Qd8 17. Bg3 f6 18. exf6 Nxf6 19. Nd4 Nxd4 20. Qxd4 Qc7 21. Qh4 Qf7 1/2-1/2

[Event "Berlin Lichtenberger op 15th"]
[Site "Berlin"]
[Date "2016.08.15"]
[Round "3"]
[White "Kapp, Martin"]
[Black "Baranowsky, Peter"]
[Result "1-0"]
[WhiteElo "2305"]
[BlackElo "1923"]
[PlyCount "67"]
[EventDate "2016.08.13"]
[EventType "swiss"]
[EventRounds "9"]
[EventCountry "GER"]
[SourceTitle "CBM 173 Extra"]
[Source "ChessBase"]
[SourceDate "2016.08.29"]
[SourceVersion "1"]
[SourceVersionDate "2016.08.29"]
[SourceQuality "1"]

1. d4 Nf6 2. c4 c5 3. d5 b5 4. cxb5 a6 5. bxa6 Bxa6 6. Nc3 g6 7. g3 Bg7 8. Bg2 d6 9. Nf3 0-0 10. 0-0 Ra7 11. Qc2 Nbd7 12. Rd1 Qc7 13. h3 Rb8 14. Rb1 h6 15. Bd2 Bc4 16. Qc1 Kh7 17. b3 Bxd5 18. Ng5+ hxg5 19. Bxd5 Nxd5 20. Nxd5 Qd8 21. a4 f6 22. Kg2 e6 23. Nc3 d5 24. f3 Qe7 25. Qc2 f5 26. Nb5 Rab7 27. h4 Bf6 28. hxg5 Bxg5 29. Rh1+ Kg8 30. Qc1 Bf6 31. Bf4 e5 32. Be3 d4 33. Qc4+ Kg7 34. Bh6+ 1-0